000 00569nam a2200229Ia 4500
003 OSt
005 20220924152205.0
006 a|||||r|||| 00| 0
007 ta
008 220923b |||||||| |||| 00| 0 mar d
024 _a341398
037 _cTextual
040 _aARTS
_cARTS
_bmar
041 _2mar
_amar
082 _aO155,2N18,1, K1
100 _aVarkhedkar
_9226057
245 0 _aRajputra
260 _c1961
650 _aMARATHI LITERATURE
_938000
942 _hO155,2N18,1, K1
_cTEXL
_2CC
999 _c469020
_d469020